<?xml version="1.0" encoding="UTF-8"?>
<record
    xmlns:xsi="http://www.w3.org/2001/XMLSchema-instance"
    xsi:schemaLocation="http://www.loc.gov/MARC21/slim http://www.loc.gov/standards/marcxml/schema/MARC21slim.xsd"
    xmlns="http://www.loc.gov/MARC21/slim">

  <leader>01773nam2a22004331  4500</leader>
  <controlfield tag="001">v19\rc\1730586</controlfield>
  <controlfield tag="005">20240708122904.0</controlfield>
  <datafield tag="035" ind1=" " ind2=" ">
    <subfield code="a">(NLR Aleph) 004826070</subfield>
  </datafield>
  <datafield tag="090" ind1=" " ind2=" ">
    <subfield code="a">5062693</subfield>
    <subfield code="c">5062693</subfield>
  </datafield>
  <datafield tag="100" ind1=" " ind2=" ">
    <subfield code="a">20061002d1903    u  y0rusy50      ca</subfield>
  </datafield>
  <datafield tag="101" ind1="0" ind2=" ">
    <subfield code="a">rus</subfield>
  </datafield>
  <datafield tag="102" ind1=" " ind2=" ">
    <subfield code="a">RU</subfield>
  </datafield>
  <datafield tag="105" ind1=" " ind2=" ">
    <subfield code="a">y   z   000yy</subfield>
  </datafield>
  <datafield tag="200" ind1="1" ind2=" ">
    <subfield code="a">&#x414;&#x435;&#x439;&#x441;&#x442;&#x432;&#x438;&#x44F; &#x43D;&#x430; &#x417;&#x430;&#x43F;&#x430;&#x434;&#x43D;&#x43E;&#x43C; &#x444;&#x440;&#x43E;&#x43D;&#x442;&#x435; &#x441; 18 &#x430;&#x432;&#x433;&#x443;&#x441;&#x442;&#x430; &#x43F;&#x43E; 1 &#x441;&#x435;&#x43D;&#x442;&#x44F;&#x431;&#x440;&#x44F; 1877 &#x433;.</subfield>
    <subfield code="e">(&#x441;&#x440;&#x430;&#x436;&#x435;&#x43D;&#x438;&#x435; &#x43F;&#x43E;&#x434; &#x41B;&#x43E;&#x432;&#x447;&#x435;&#x439; &#x438; 3-&#x435; &#x441;&#x440;&#x430;&#x436;&#x435;&#x43D;&#x438;&#x435; &#x43F;&#x43E;&#x434; &#x41F;&#x43B;&#x435;&#x432;&#x43D;&#x43E;&#x439;)</subfield>
  </datafield>
  <datafield tag="210" ind1=" " ind2=" ">
    <subfield code="d">1903</subfield>
  </datafield>
  <datafield tag="215" ind1=" " ind2=" ">
    <subfield code="a">VII, 272 &#x441;.</subfield>
  </datafield>
  <datafield tag="461" ind1=" " ind2="0">
    <subfield code="1">001v19\rc\1730572</subfield>
    <subfield code="1">2001#$a&#x41E;&#x43F;&#x438;&#x441;&#x430;&#x43D;&#x438;&#x435; &#x420;&#x443;&#x441;&#x441;&#x43A;&#x43E;-&#x422;&#x443;&#x440;&#x435;&#x446;&#x43A;&#x43E;&#x439; &#x432;&#x43E;&#x439;&#x43D;&#x44B; 1877-78 &#x433;&#x433;. &#x43D;&#x430; &#x411;&#x430;&#x43B;&#x43A;&#x430;&#x43D;&#x441;&#x43A;&#x43E;&#x43C; &#x43F;&#x43E;&#x43B;&#x443;&#x43E;&#x441;&#x442;&#x440;&#x43E;&#x432;&#x435;$v&#x422;. 5</subfield>
    <subfield code="9">5062569</subfield>
    <subfield code="c">&#x421;&#x430;&#x43D;&#x43A;&#x442;-&#x41F;&#x435;&#x442;&#x435;&#x440;&#x431;&#x443;&#x440;&#x433;</subfield>
    <subfield code="d">1899-1914</subfield>
    <subfield code="n">&#x418;&#x437;&#x434;&#x430;&#x43D;&#x438;&#x435; &#x412;&#x43E;&#x435;&#x43D;&#x43D;&#x43E;-&#x438;&#x441;&#x442;&#x43E;&#x440;&#x438;&#x447;&#x435;&#x441;&#x43A;&#x43E;&#x439; &#x41A;&#x43E;&#x43C;&#x438;&#x441;&#x441;&#x438;&#x438; &#x413;&#x43B;&#x430;&#x432;&#x43D;&#x430;&#x433;&#x43E; &#x428;&#x442;&#x430;&#x431;&#x430;</subfield>
    <subfield code="t">&#x41E;&#x43F;&#x438;&#x441;&#x430;&#x43D;&#x438;&#x435; &#x420;&#x443;&#x441;&#x441;&#x43A;&#x43E;-&#x422;&#x443;&#x440;&#x435;&#x446;&#x43A;&#x43E;&#x439; &#x432;&#x43E;&#x439;&#x43D;&#x44B; 1877-78 &#x433;&#x433;. &#x43D;&#x430; &#x411;&#x430;&#x43B;&#x43A;&#x430;&#x43D;&#x441;&#x43A;&#x43E;&#x43C; &#x43F;&#x43E;&#x43B;&#x443;&#x43E;&#x441;&#x442;&#x440;&#x43E;&#x432;&#x435;</subfield>
    <subfield code="v">&#x422;. 5</subfield>
  </datafield>
  <datafield tag="532" ind1="1" ind2="1">
    <subfield code="a">&#x414;&#x435;&#x439;&#x441;&#x442;&#x432;&#x438;&#x44F; &#x43D;&#x430; &#x417;&#x430;&#x43F;&#x430;&#x434;&#x43D;&#x43E;&#x43C; &#x444;&#x440;&#x43E;&#x43D;&#x442;&#x435; &#x441; &#x432;&#x43E;&#x441;&#x435;&#x43C;&#x43D;&#x430;&#x434;&#x446;&#x430;&#x442;&#x43E;&#x433;&#x43E; &#x430;&#x432;&#x433;&#x443;&#x441;&#x442;&#x430; &#x43F;&#x43E; 1 &#x441;&#x435;&#x43D;&#x442;&#x44F;&#x431;&#x440;&#x44F; 1877 &#x433;.</subfield>
  </datafield>
  <datafield tag="801" ind1=" " ind2="0">
    <subfield code="a">RU</subfield>
    <subfield code="b">NLR</subfield>
    <subfield code="g">psbo</subfield>
  </datafield>
  <datafield tag="801" ind1=" " ind2="0">
    <subfield code="a">RU</subfield>
    <subfield code="b">RuMoRGB</subfield>
    <subfield code="2">psbo</subfield>
  </datafield>
  <datafield tag="801" ind1=" " ind2="1">
    <subfield code="a">RU</subfield>
    <subfield code="b">ProSoft-M</subfield>
    <subfield code="2">rusmarc</subfield>
  </datafield>
  <datafield tag="852" ind1=" " ind2=" ">
    <subfield code="a">NLR</subfield>
    <subfield code="j">132/1422(5)</subfield>
  </datafield>
  <datafield tag="852" ind1=" " ind2=" ">
    <subfield code="a">NLR</subfield>
    <subfield code="j">37.3.1.7(5)</subfield>
  </datafield>
  <datafield tag="899" ind1=" " ind2=" ">
    <subfield code="a">RuMoRGB</subfield>
    <subfield code="j">&#x394; 502/220</subfield>
  </datafield>
  <datafield tag="899" ind1=" " ind2=" ">
    <subfield code="a">&#x411;&#x410;&#x41D;</subfield>
  </datafield>
  <datafield tag="899" ind1=" " ind2=" ">
    <subfield code="a">&#x41D;&#x411; &#x421;&#x41F;&#x431;&#x413;&#x423;</subfield>
  </datafield>
  <datafield tag="899" ind1=" " ind2=" ">
    <subfield code="a">&#x413;&#x41F;&#x418;&#x411;</subfield>
  </datafield>
  <datafield tag="899" ind1=" " ind2=" ">
    <subfield code="a">&#x41D;&#x411; &#x41C;&#x413;&#x423;</subfield>
  </datafield>
  <datafield tag="899" ind1=" " ind2=" ">
    <subfield code="a">RuMoRGB</subfield>
    <subfield code="j">&#x394; 572/5</subfield>
  </datafield>
  <datafield tag="899" ind1=" " ind2=" ">
    <subfield code="a">RuMoRGB</subfield>
    <subfield code="j">S 73/6</subfield>
  </datafield>
  <datafield tag="899" ind1=" " ind2=" ">
    <subfield code="a">RuMoRGB</subfield>
    <subfield code="j">U 332/72</subfield>
  </datafield>
  <datafield tag="899" ind1=" " ind2=" ">
    <subfield code="a">RuMoRGB</subfield>
    <subfield code="j">E 95/508</subfield>
  </datafield>
  <datafield tag="899" ind1=" " ind2=" ">
    <subfield code="a">RuMoRGB</subfield>
    <subfield code="j">&#x394; 15/94</subfield>
  </datafield>
  <datafield tag="899" ind1=" " ind2=" ">
    <subfield code="a">RuMoRGB</subfield>
    <subfield code="j">&#x394; 35/225</subfield>
  </datafield>
  <datafield tag="899" ind1=" " ind2=" ">
    <subfield code="a">RuMoRGB</subfield>
    <subfield code="j">&#x394; 20/63</subfield>
  </datafield>
  <datafield tag="942" ind1=" " ind2=" ">
    <subfield code="c">BOOK</subfield>
  </datafield>
  <datafield tag="980" ind1=" " ind2=" ">
    <subfield code="a">SCAN_DONE</subfield>
  </datafield>
  <datafield tag="980" ind1=" " ind2=" ">
    <subfield code="a">NB</subfield>
  </datafield>
  <datafield tag="995" ind1=" " ind2=" ">
    <subfield code="5">2013-10-26</subfield>
    <subfield code="b">NLR02</subfield>
    <subfield code="c">NLR02</subfield>
    <subfield code="e">RFS</subfield>
    <subfield code="f">4826070-10</subfield>
    <subfield code="k">37.3.1.7(5)</subfield>
    <subfield code="o">0</subfield>
    <subfield code="r">BOOK</subfield>
    <subfield code="s">373175_</subfield>
  </datafield>
  <datafield tag="995" ind1=" " ind2=" ">
    <subfield code="5">2013-10-26</subfield>
    <subfield code="b">NLR02</subfield>
    <subfield code="c">NLR02</subfield>
    <subfield code="e">RFS</subfield>
    <subfield code="f">1-3613864</subfield>
    <subfield code="k">132/1422(5)</subfield>
    <subfield code="o">0</subfield>
    <subfield code="r">BOOK</subfield>
    <subfield code="s">13214225_</subfield>
  </datafield>
</record>
